[Event "Spring Chess Classic 2017-C"]
[Site "Saint Louis"]
[Date "2017.05.16"]
[Round "1"]
[White "Stukopin, Andrey"]
[Black "Shimanov, Alex"]
[Result "1/2-1/2"]
[WhiteElo "2586"]
[BlackElo "2642"]
[Annotator "TA"]
[PlyCount "61"]
[EventDate "2017.??.??"]
[EventType "tourn"]
[EventCountry "USA"]
[SourceTitle "playchess.com"]
[Source "ChessBase"]
[SourceQuality "1"]

{[%evp 14,61,14,12,20,16,22,9,16,8,25,8,10,14,12,37,1,0,0,0,0,0,0,-48,0,0,0,0,0,0,0,0,0,0,0,0,0,0,0,0,0,0,0,0,0,0,0,0,0,0]} 1. e4 c6 2. Nc3 d5 3. Nf3 dxe4 4. Nxe4 Nf6 5. Nxf6+ exf6 6. d4 Bd6 7. Be2 O-O 8. O-O Qc7 {B15: Caro-Kann: 3 Nc3: 3...g6 and 3...dxe4 4 Nxe4 Nf6 5 Nxf6+ exf6} (8... Re8 9. c4 Nd7 10. Bd3 Nf8 11. h3 Ng6 12. Qc2 Qa5 13. c5 Bb8 14. Bd2 Qd8 15. Rfe1 Be6 16. Bc4 Nf8 {0-1 (47) Nepomniachtchi,I (2767)-Carlsen,M (2840) Doha 2016}) 9. h3 Nd7 10. Bd3 Rd8 $146 ({Predecessor:} 10... Bf4 11. Re1 Bxc1 12. Rxc1 Nb6 13. c4 Bd7 14. Qd2 Rae8 15. b3 Qd8 16. a4 {0-1 (77) Velasquez Ojeda,C (2335)-Michel Yunis,C (2345) Santiago de Chile 1995}) 11. c4 Nf8 12. Qc2 Be6 13. Re1 Qd7 14. Bd2 Ng6 15. Rad1 Bxh3 16. gxh3 Qxh3 {[#] ( -> ...Nh4)} 17. Bxg6 $1 hxg6 18. Qb3 Re8 19. c5 {The position is equal.} Bc7 20. Rxe8+ Rxe8 21. Re1 Qg4+ 22. Kf1 Qh3+ 23. Kg1 Qg4+ 24. Kf1 Qh3+ 25. Kg1 Qg4+ 26. Kf1 Qh3+ 27. Kg1 Qg4+ 28. Kf1 Qh3+ 29. Kg1 Qg4+ 30. Kf1 Qh3+ 31. Kg1 {Precision: White = 69%, Black = 78%.} 1/2-1/2

[Event "Spring Chess Classic 2017-C"]
[Site "Saint Louis"]
[Date "2017.05.16"]
[Round "1"]
[White "Sevian, Samuel"]
[Black "Nyzhnyk, Illya"]
[Result "1/2-1/2"]
[WhiteElo "2585"]
[BlackElo "2610"]
[Annotator "TA"]
[PlyCount "70"]
[EventDate "2017.??.??"]
[EventType "tourn"]
[EventCountry "USA"]
[SourceTitle "playchess.com"]
[Source "ChessBase"]
[SourceQuality "1"]

{[%evp 13,70,13,41,27,32,28,57,0,44,12,22,2,19,18,15,-19,0,0,0,0,15,0,0,0,0,0,0,0,0,0,0,0,0,0,0,0,0,0,50,43,38,0,0,0,0,0,0,0,0,0,0,0,0,0,0,0,0,0,0]} 1. e4 e6 2. d4 d5 3. Nc3 Nf6 4. Bg5 dxe4 5. Nxe4 Be7 6. Bxf6 Bxf6 7. Nf3 Bd7 {LiveBook: 49 Games} 8. c3 {C13: French: Classical System: 4 Bg5 Be7, Alekhine-Chatard Attack} (8. Bc4 Bc6 9. Qe2 Bxe4 10. Qxe4 c6 11. O-O-O Nd7 12. h4 Qe7 13. g4 g6 14. g5 Bg7 15. h5 Rf8 16. hxg6 hxg6 {1-0 (34) Istratescu,A (2651)-Stojanovic,M (2571) Switzerland 2013}) 8... Bc6 9. Nxf6+ gxf6 10. Nd2 $146 (10. Be2 $14) ({Predecessor:} 10. g3 Qd5 11. Bg2 Qe4+ 12. Kf1 Bb5+ 13. Kg1 Be2 14. Qe1 Bxf3 15. Qxe4 Bxe4 16. Bxe4 {½-½ (34) Nestorovic,N (2495)-Kosic,D (2517) Niksic 2016}) 10... Qd5 11. Nc4 Nd7 12. Ne3 Qg5 13. h4 Qf4 14. a4 O-O-O 15. Qh5 Nb6 16. Bb5 Nd5 17. Rh3 ({But not} 17. Qxf7 Nxe3 18. Qxe6+ Kb8 $17) 17... Nxe3 18. fxe3 Qe4 19. Qf3 ({Not} 19. Qxf7 $2 Bxb5 20. axb5 Rhg8 $19) 19... Rhg8 {[#] And now ...Qxf3 would win.} 20. Bxc6 Qxc6 21. Qxc6 bxc6 $11 {[%mdl 4096] Endgame KRR-KRR} 22. Kf2 Rg4 23. Rf3 f5 24. g3 c5 {[%cal Rc5d4]} 25. b4 c4 26. Rb1 Kd7 27. b5 Kd6 {The position is equal.} 28. Rf4 Rxf4+ 29. exf4 {KR-KR} Rb8 30. Rb4 Kd5 $1 31. Kf3 h5 32. a5 f6 33. Ke3 Rg8 34. Kf3 Rb8 35. Ke3 Rg8 {Precision: White = 62%, Black = 78%.} 1/2-1/2

[Event "Spring Chess Classic 2017-C"]
[Site "Saint Louis"]
[Date "2017.05.16"]
[Round "1"]
[White "Ramirez, Alejandro"]
[Black "Li, Ruifeng"]
[Result "1/2-1/2"]
[WhiteElo "2550"]
[BlackElo "2574"]
[Annotator "TA"]
[PlyCount "60"]
[EventDate "2017.??.??"]
[EventType "tourn"]
[EventCountry "USA"]
[SourceTitle "playchess.com"]
[Source "ChessBase"]
[SourceQuality "1"]

{[%evp 16,60,0,5,30,20,33,46,38,0,0,15,14,0,0,-7,-6,-8,-13,-8,61,90,84,24,33,20,29,8,42,52,106,0,0,-39,-35,-89,-61,-52,0,0,0,0,0,0,0,0,0]} 1. c4 e5 2. g3 Nc6 3. Bg2 g6 4. Nc3 Bg7 5. e4 d6 6. d3 f5 7. Nge2 Nf6 8. h3 {A26: English Opening vs King's Indian with ...Nc6 and d3} (8. O-O O-O 9. Nd5 Be6 10. Bg5 Qd7 11. Qd2 Nh5 12. exf5 Bxf5 13. b4 Rae8 14. b5 Nd8 15. Bxd8 Rxd8 16. Nec3 c6 17. Nb4 Rc8 18. a4 {1-0 (41) Nisipeanu,L (2668)-Kozul,Z (2594) Bled 2016}) 8... O-O 9. Be3 {LiveBook: 11 Games} f4 10. gxf4 {White has an edge.} Nh5 {[%cal Re5f4]} 11. Qd2 Nd4 12. fxe5 (12. f5 $5) 12... dxe5 13. O-O-O $146 ({Predecessor:} 13. Bg5 Bf6 14. Bh6 Rf7 15. O-O-O Be6 {0-1 (50) Frayna,J (2273)-Sean,W (2450) Olongapo City 2015}) 13... Be6 14. f4 exf4 15. Nxf4 Nxf4 16. Bxf4 b5 17. e5 b4 (17... Rb8 $11 18. Nd5 bxc4 19. dxc4 c5) 18. Nd5 $1 $14 {Strongly threatening Bg5.} c6 {[#]} 19. Nf6+ $1 {[%mdl 512]} Bxf6 $11 20. exf6 Qxf6 21. Be3 Bf5 (21... b3 $5 {[%cal Rb3a2]} 22. a3 Rae8 $14) 22. Rhe1 ({Inferior is} 22. Qxb4 Ne2+ 23. Kb1 Rab8 $17) 22... b3 (22... a5 $1 $14) 23. a3 ({White has to play} 23. Bxd4 $1 $16 Qxd4 24. axb3) 23... Nc2 24. Bg5 (24. Re2 $5 {[%cal Re3g5]}) 24... Nxe1 25. Bxf6 (25. Rxe1 $15 Qd4 26. Bxc6) 25... Nxd3+ $17 26. Kb1 {[#] Hoping for Rf1.} Nb4+ (26... Rxf6 $15 27. Ka1 Re8) 27. Ka1 $11 {The position is equal.} Nc2+ 28. Kb1 Nb4+ 29. Ka1 Nc2+ 30. Kb1 Nb4+ {Precision: White = 57%, Black = 58%.} 1/2-1/2

[Event "Spring Chess Classic 2017-C"]
[Site "Saint Louis"]
[Date "2017.05.17"]
[Round "2"]
[White "Nyzhnyk, Illya"]
[Black "Shimanov, Alex"]
[Result "1/2-1/2"]
[WhiteElo "2610"]
[BlackElo "2642"]
[Annotator "TA"]
[PlyCount "93"]
[EventDate "2017.??.??"]
[EventType "tourn"]
[EventCountry "USA"]
[SourceTitle "playchess.com"]
[Source "ChessBase"]
[SourceQuality "1"]

{[%evp 22,93,31,0,0,2,16,21,33,15,39,8,5,7,25,0,0,0,0,-33,-6,-3,28,38,24,-8,-1,-11,-2,-7,-22,-28,-15,-16,0,0,-5,-16,-6,-8,0,-216,-138,-168,0,0,0,0,0,0,0,-301,0,0,0,0,0,0,0,0,0,0,0,0,35,0,0,0,0,0,0,0,2,0]} 1. c4 e6 2. g3 d5 3. Bg2 Nf6 4. d4 Be7 5. Nf3 O-O 6. O-O dxc4 7. Qa4 a6 8. Qxc4 b5 9. Qc2 Bb7 10. Bf4 Bd6 11. Nbd2 Nbd7 12. Rfc1 {LiveBook: 3 Games. E05: Open Catalan: 5 Nf3 Be7} (12. Be5 $5) (12. Nb3 Be4 13. Qd2 Qe7 14. Rfc1 Rfc8 15. Bxd6 cxd6 16. Qa5 Rcb8 17. Nbd2 Bd5 18. Rc2 Qd8 19. Qxd8+ Rxd8 {1-0 (51) Kramnik,V (2785)-Shirov,A (2739) Moscow 2007}) 12... Rc8 13. Nb3 Bd5 $146 ({Predecessor:} 13... Be4 14. Qd2 Nd5 15. Ne5 Bxg2 16. Kxg2 Bxe5 17. Bxe5 N5b6 18. Bf4 Nc4 19. Qb4 Ndb6 {1-0 (27) Seirawan,Y (2620)-Raptis,N (2268) Vancouver 2012}) 14. a4 h6 15. axb5 axb5 16. Qd3 Bc4 17. Qd1 Bd5 18. Ra5 Bxf4 19. gxf4 c6 20. Rca1 Ne4 21. e3 g5 22. fxg5 Nxg5 23. Nbd2 Kh8 24. Ne1 Rg8 {Hoping for ...Nh3+.} 25. Kf1 $1 Nf6 26. Ra7 Rg7 27. h4 Nge4 28. Nxe4 Nxe4 29. Bxe4 Bxe4 30. Qh5 $1 Kg8 31. f3 $2 ({Don't go for} 31. Qxh6 $2 Qd5 $19) (31. Nf3 $11) 31... Bf5 32. Qxh6 {[#]} Qf8 $2 (32... e5 $1 $19 33. Rd1 (33. dxe5 $2 Qd2 $19) 33... Qd5) 33. Qf4 $1 $11 Bh3+ 34. Ke2 {And now Qh2 would win.} Qb4 35. Ra8 Qxb2+ 36. Kd3 $2 {[%mdl 8192] [#]} (36. Kd1 $11 {and White stays safe.} Qb3+ 37. Kd2 Qb2+ 38. Kd1) 36... Bf1+ $2 (36... Kh7 $1 $19 {( -> ...f5)} 37. R8a2 Qb3+ 38. Ke2 Rcg8) 37. Ke4 Rxa8 38. Rxa8+ Kh7 39. Qb8 {Intending Qh8+ and mate.} ({Don't play} 39. Ke5 Qb4 $17) 39... Qb1+ 40. Ke5 {Qh8+ would kill now.} Qf5+ 41. Kd6 Qd5+ 42. Kc7 Kg6 {aiming for ...b4!} 43. Qh8 {Black must now prevent e4.} f6+ {The position is equal.} 44. Kb6 {Rd8 is the strong threat.} b4 {[%csl Gc6,Gf1][%cal Rd5b5]} 45. Qe8+ Kh6 {[%csl Gc6,Gf1][%cal Rd5b5]} 46. Qh8+ Kg6 {[%csl Gc6,Gf1][%cal Rd5b5]} 47. Qe8+ {Precision: White = 65%, Black = 56%.} 1/2-1/2

[Event "Spring Chess Classic 2017-C"]
[Site "Saint Louis"]
[Date "2017.05.17"]
[Round "2"]
[White "Sevian, Samuel"]
[Black "Ramirez, Alejandro"]
[Result "1-0"]
[WhiteElo "2585"]
[BlackElo "2550"]
[Annotator "TA"]
[PlyCount "87"]
[EventDate "2017.??.??"]
[EventType "tourn"]
[EventCountry "USA"]
[SourceTitle "playchess.com"]
[Source "ChessBase"]
[SourceQuality "1"]

{[%evp 30,87,0,0,7,22,11,-6,-6,-27,-17,-23,-16,-17,-18,-17,-18,-16,-6,-9,4,4,8,8,9,22,55,30,73,63,74,77,84,86,78,75,81,64,87,83,96,48,80,85,141,138,196,168,239,235,274,265,265,227,497,494,479,247,241,234]} 1. e4 c5 2. Nf3 e6 3. d4 cxd4 4. Nxd4 Nc6 5. Nc3 Qc7 6. Be2 a6 7. O-O Nf6 8. Be3 Be7 9. f4 d6 10. Qe1 O-O 11. Qg3 Nxd4 12. Bxd4 b5 13. a3 Bb7 14. Bd3 Rad8 {B85: Sicilian Scheveningen: 6 Be2 a6, lines with early Be3} 15. Rae1 e5 16. fxe5 {LiveBook: 4 Games} dxe5 {The position is equal.} 17. Bxe5 Qc5+ $1 18. Kh1 Nh5 19. Qe3 {aiming for Nd5!} Qxe5 20. Rf5 {[#]} Qd4 $146 ({Predecessor:} 20... Ng3+ 21. hxg3 Qe6 22. Nd5 {1-0 (33) David,A (2587)-Negi,P (2592) Evry 2009}) 21. Qxd4 Rxd4 22. Rxh5 g6 23. Rh3 Re8 24. Rf1 Bf8 25. Rxh7 Kxh7 26. Rxf7+ Bg7 {[%cal Rb7e4]} 27. Rxb7 Rd6 28. g3 Kh8 29. Nd5 Bxb2 {[#]} 30. a4 $1 {[%mdl 512]} Bd4 (30... bxa4 31. Rxb2) 31. axb5 axb5 32. Rxb5 g5 33. Rb4 Ba7 34. Rb7 Bd4 35. Rf7 Ra8 36. Kg2 Ra1 ({Better is} 36... Re8) 37. Kh3 $1 $16 Rh6+ (37... Ra7 $16 38. Rxa7 Bxa7) 38. Kg4 $18 Rxh2 (38... Ra8 {is a better defense.} 39. c3 Bg7) 39. Ne7 $1 ({Resist} 39. Kxg5 $6 Kg8 $16) 39... Rh7 40. Rf8+ $1 ({Less strong is} 40. Rxh7+ Kxh7 41. Kxg5 (41. e5+ Kh8 $14) 41... Bb2 $14) 40... Kg7 41. Rd8 Bc5 $2 {[#]} (41... Be5 {was called for.} 42. Rd5 Bf6) 42. Nf5+ $1 Kf6 43. Bc4 (43. Rc8 $142) 43... Re1 {[#]} 44. Bd5 $1 {Precision: White = 73%, Black = 31%.} 1-0

[Event "Spring Chess Classic 2017-C"]
[Site "Saint Louis"]
[Date "2017.05.17"]
[Round "2"]
[White "Li, Ruifeng"]
[Black "Stukopin, Andrey"]
[Result "1/2-1/2"]
[WhiteElo "2574"]
[BlackElo "2586"]
[Annotator "TA"]
[PlyCount "83"]
[EventDate "2017.??.??"]
[EventType "tourn"]
[EventCountry "USA"]
[SourceTitle "playchess.com"]
[Source "ChessBase"]
[SourceQuality "1"]

{[%evp 16,83,56,6,30,0,0,0,4,0,0,-23,0,0,0,-8,0,0,0,-16,-16,-11,-16,-20,-14,-70,-18,-24,0,-70,-48,-48,-45,-72,-83,-83,-80,-77,-80,-102,-97,-100,-81,-95,-87,-124,-117,-206,-43,-205,-233,-226,-205,-226,-211,-190,-161,-382,-368,-365,-379,-351,-294,-271,-152,-152,0,0,0,0]} 1. e4 c5 2. Nc3 Nc6 3. Nge2 Nf6 4. g3 d5 5. exd5 Nxd5 6. Bg2 Nxc3 7. Nxc3 e6 8. O-O Be7 9. d3 (9. Bxc6+ $5 bxc6 10. d3 $11) 9... Nd4 {B23: Closed Sicilian: Lines without g3} (9... O-O 10. Re1 Nd4 11. Ne4 e5 12. h4 Be6 13. c3 Nc6 14. Be3 Bd5 15. c4 Bxe4 16. Bxe4 Qd7 17. Qf3 {½-½ (39) Larino Nieto,D (2451)-Shirov,A (2696) Rabat 2015}) 10. Ne4 Bd7 {[%cal Bc8d7,Bd7c6,Bc6d5][%mdl 32]} 11. c3 $146 ({Predecessor:} 11. Be3 Rc8 12. a4 Bc6 13. f3 O-O 14. Nd2 Bd5 15. Rb1 {½-½ (36) Lematschko,T (2305)-Kelecevic,N (2440) Switzerland 1993}) 11... Nf5 12. Qh5 O-O 13. Rd1 g6 14. Qe2 Bc6 15. h4 h5 16. Bf4 Qd7 17. Rd2 Rad8 18. Rad1 Bd5 19. b3 b6 20. Ng5 (20. d4 $11) 20... Bf6 (20... Bxg2 $15 21. Kxg2 e5 $1 {[%mdl 512]}) 21. Be5 $11 Be7 {White must now prevent ...f6.} 22. Bf4 Rfe8 (22... e5 $5 23. Be3 (23. Qxe5 $2 Bxg2 24. Kxg2 Bxg5 $19) 23... Bxg2 24. Kxg2 Qd5+ 25. f3 Bxg5 26. Bxg5 Rd7 $15) 23. Ne4 f6 24. d4 cxd4 25. cxd4 Qb7 26. Kh2 Kf7 27. f3 Rd7 28. Qf2 Red8 29. Nc3 Bb4 30. Rd3 Bc6 31. g4 {[#]} (31. d5 $17 {was necessary.} exd5 32. Bh3) 31... Nxd4 $2 (31... hxg4 32. fxg4 Ne7 33. Bg5 $11) (31... Rxd4 $1 $19 {[%mdl 512]} 32. Rxd4 Nxd4 33. Rxd4 Bc5) 32. Rxd4 $2 ({Better is} 32. Ne4 $15 e5 33. gxh5) 32... Rxd4 $19 ({Inferior is} 32... Bxc3 33. Rxd7+ Rxd7 34. Rxd7+ Qxd7 35. gxh5 $11) 33. Rxd4 Bc5 34. Be3 ({Wrong is} 34. Ne2 $2 e5 $19) 34... Bxd4 35. Bxd4 e5 36. Bxe5 $2 (36. Be3 {is the only way for White.} hxg4 37. Ne4) 36... fxe5 37. gxh5 gxh5 38. Ne4 Bxe4 39. fxe4+ {[#]} Ke7 (39... Ke8 $1 $19 {...Qg7 is the strong threat.} 40. Qf6 Qe7 41. Qh8+ Kd7 42. Qxh5 Qf6 43. Bh3+ Ke7 44. Qh7+ Qf7 45. Qxf7+ Kxf7) 40. Qf5 $17 Qc7 $2 (40... Qc6 $17 {aiming for ...Qf6.} 41. Qxe5+ Qe6 42. Qxh5 Qf6 43. Qh7+ Kd6) 41. Qh7+ $1 $11 ({Much worse is} 41. Qxh5 Qd6 $17) 41... Kd6 42. Qh6+ {Precision: White = 38%, Black = 62%.} 1/2-1/2

[Event "Spring Chess Classic 2017-C"]
[Site "Saint Louis"]
[Date "2017.05.17"]
[Round "3"]
[White "Shimanov, Alex"]
[Black "Li, Ruifeng"]
[Result "1/2-1/2"]
[WhiteElo "2642"]
[BlackElo "2574"]
[Annotator "TA"]
[PlyCount "63"]
[EventDate "2017.??.??"]
[EventType "tourn"]
[EventCountry "USA"]
[SourceTitle "playchess.com"]
[Source "ChessBase"]
[SourceQuality "1"]

{[%evp 19,63,26,25,0,0,0,17,7,2,0,0,0,0,-25,0,0,0,0,19,-5,-6,-96,-95,-95,-86,-86,-95,-92,-91,-86,-92,-72,0,0,0,0,0,0,0,0,0,0,0,0,0,0]} 1. Nf3 Nf6 2. c4 c5 3. Nc3 Nc6 4. d4 cxd4 5. Nxd4 e6 {[%cal Be7e6,Be6e5][%mdl 32]} 6. Bf4 d6 7. Ndb5 e5 8. Bg5 a6 9. Na3 Be7 10. g3 {A33: Symmetrical English: 2 Nf3 Nf6 3 d4 cxd4 4 Nxd4 e6 5 Nc3 Nc6} (10. Bxf6 Bxf6 11. e3 O-O 12. Be2 e4 13. Qd2 Bf5 14. Nd5 Be5 15. Nb1 Be6 16. Nbc3 f5 17. Rd1 Rb8 18. b3 Kh8 19. Nf4 Bf7 20. h4 Ne7 21. g3 Rc8 {½-½ (20) Neiksans,A (2628)-Tazbir,M (2517) Finland 2017}) 10... O-O {LiveBook: 3 Games} 11. Bxf6 Bxf6 12. Bg2 Be6 (12... e4 $5) 13. O-O Rc8 14. Nd5 Bg5 $146 ({Predecessor:} 14... Bxd5 15. Bxd5 Qb6 16. Qd2 e4 17. Rab1 Rfe8 {½-½ (24) Duong,T (2366)-Hebert,J (2460) Quebec 2003}) 15. e3 f5 16. Qb3 (16. f4 $5 {[%cal Rf4g5]} Bf6 17. Qd2 $11) 16... Na5 17. Qb4 e4 18. Rfd1 Rc5 19. Rac1 {[#]} (19. h4 {looks sharper.} Bh6 20. Rac1 g6 21. b3 Rf7 22. Nf4) 19... Nxc4 $1 {[%mdl 512]} 20. Nf4 (20. Bf1 $11 {remains equal.} Ne5 21. Rxc5 dxc5 22. Qxb7) (20. Nxc4 Bxd5) 20... Bxf4 $1 $17 21. Nxc4 {Qxc5! is the strong threat.} Bg5 {Threatens to win with ...Qc7.} 22. Bf1 Qc7 {Strongly threatening ...Be7.} 23. Rxd6 Qxd6 24. Nxd6 Rxc1 25. Qxb7 {[#]} f4 ({Worse is} 25... Bxa2 26. Qxa6 Bd5 27. Qb5 $16) (25... Rd8 $1 $17 {[%cal Rd8d6]} 26. Qxa6 Be7 27. Nxe4 Bc8) 26. gxf4 $11 {The position is equal.} ({Much weaker is} 26. exf4 Bh3 $17) 26... Bh3 $1 {[%csl Gh3][%cal Rc1f1]} 27. Qb3+ $1 Kh8 {[%csl Gh3][%cal Rc1f1]} 28. Nf7+ {[#]} Rxf7 $1 {[%csl Gh3][%cal Rc1f1][%mdl 512]} 29. Qb8+ (29. Qxf7 Rxf1#) 29... Rc8 30. Qb3 Rc1 {[%csl Gh3][%cal Rc1f1]} 31. Qb8+ Rc8 32. Qb3 {Precision: White = 60%, Black = 70%.} 1/2-1/2

[Event "Spring Chess Classic 2017-C"]
[Site "Saint Louis"]
[Date "2017.05.17"]
[Round "3"]
[White "Stukopin, Andrey"]
[Black "Sevian, Samuel"]
[Result "0-1"]
[WhiteElo "2586"]
[BlackElo "2585"]
[Annotator "TA"]
[PlyCount "104"]
[EventDate "2017.??.??"]
[EventType "tourn"]
[EventCountry "USA"]
[SourceTitle "playchess.com"]
[Source "ChessBase"]
[SourceQuality "1"]

{[%evp 23,104,0,0,0,14,4,46,41,53,39,66,68,64,43,37,29,29,28,73,31,43,15,17,20,21,0,19,18,23,0,0,0,7,0,31,27,64,58,58,68,71,31,43,0,112,116,106,110,81,8,8,4,71,71,73,0,0,-21,-8,-8,-8,-207,-206,-205,-160,-562,-559,-506,-410,-29978,-29979,-29979,-29980,-29980,-29981,-29981,-29982,-29982,-29983,-29983,-29984,-29984,-29985]} 1. Nf3 d5 2. g3 Bg4 3. Bg2 Nf6 4. c4 c6 5. O-O e6 6. cxd5 exd5 7. d3 Nbd7 8. Qc2 Bd6 {A11: English Opening: 1...c6} 9. e4 O-O 10. Nc3 Re8 11. h3 Bxf3 12. Bxf3 dxe4 {LiveBook: 6 Games} 13. dxe4 Bb4 (13... Qe7 14. Bg2 Bc5 15. Kh2 Bd4 16. Bf4 Qc5 17. Rad1 Rad8 {1-0 (42) Rapport,R (2720)-Gretarsson,H (2572) Reykjavik 2016}) 14. Rd1 Qa5 $146 ({Predecessor:} 14... Qe7 15. Re1 Rad8 16. Bg2 Nc5 17. Be3 Qe6 {0-1 (54) Hausrath,D (2450)-Michielsen,J (2277) Germany 2011}) 15. Bd2 Nc5 16. Bg2 Ne6 17. a3 Bf8 18. Nd5 Qd8 19. Nxf6+ Qxf6 20. Bc3 Qg6 21. Rac1 Rad8 22. Kh2 Bc5 23. b4 Bd4 24. f4 Bxc3 25. Qxc3 {Strongly threatening f5.} Qh5 26. Rxd8 Rxd8 27. Qe3 Nd4 28. g4 $40 {[%mdl 128] Black needs to defend precisely.} Qb5 29. Rd1 Qc4 30. e5 b6 31. f5 c5 32. bxc5 (32. Qg5 Re8 $11) (32. Rc1 $5 {[%cal Rc1c4]} Qe2 33. Qxe2 Nxe2 34. Rc4 $14) 32... bxc5 33. Rb1 Ne2 (33... h6 $1 $11 {remains equal.}) 34. Rb7 $16 {And now e6 would win.} Nf4 35. Qe4 Qd4 36. Qxd4 (36. Rxa7 $16 {Hoping for Ra8.} Nxg2 37. Ra8) 36... cxd4 {[%mdl 4096] Endgame KRB-KRN} 37. Bf3 ({Don't blunder} 37. Rxa7 $2 Nxg2 38. e6 (38. Kxg2 $2 d3 $19) 38... fxe6 $19) 37... g5 (37... Nd3 $11) 38. Rxa7 d3 39. Kg3 ({White should play} 39. Ra6 $16) 39... d2 $11 40. f6 h5 ({Much weaker is} 40... Ne6 $6 41. Bd1 $16) 41. Bd1 $1 ({Avoid the trap} 41. gxh5 $2 Rd3 $19) 41... h4+ 42. Kf3 $2 (42. Kh2 $1 $11 {and White has nothing to worry.}) 42... Nxh3 $19 43. a4 Nf4 44. a5 $2 (44. Rb7 $17) 44... Rd3+ 45. Kf2 {[#] Ra8+ is the strong threat.} h3 $1 {[%cal Rh3h2] ( -> ...h2)} 46. Kg1 (46. Ra8+ $19 Kh7 47. e6 Nxe6 48. a6) 46... Rg3+ {Black mates.} 47. Kf2 {[#]} h2 $1 {[%mdl 512]} 48. Ra8+ Kh7 49. Kxg3 h1=Q {[%csl Gf4][%cal Rh1g2]} 50. Bc2+ Ng6 51. Rd8 Qe1+ 52. Kf3 Kh6 {Precision: White = 44%, Black = 53%.} 0-1

[Event "Spring Chess Classic 2017-C"]
[Site "Saint Louis"]
[Date "2017.05.17"]
[Round "3"]
[White "Ramirez, Alejandro"]
[Black "Nyzhnyk, Illya"]
[Result "0-1"]
[WhiteElo "2550"]
[BlackElo "2610"]
[Annotator "TA"]
[PlyCount "138"]
[EventDate "2017.??.??"]
[EventType "tourn"]
[EventCountry "USA"]
[SourceTitle "playchess.com"]
[Source "ChessBase"]
[SourceQuality "1"]

{[%evp 23,138,0,11,14,12,11,15,0,0,0,0,0,10,0,6,0,0,-1,0,-2,0,0,-5,-7,-11,-18,-17,-41,-41,-42,-42,-41,0,0,0,-41,-40,-72,-72,-72,-72,-88,-76,-93,-79,-110,-110,-125,-125,-125,-125,-125,-125,-125,-125,-125,-125,-125,-125,-125,-125,-125,-125,-125,-99,-125,-125,-125,-99,-99,-99,-99,-8,-8,-8,-8,-8,-8,-8,-8,-8,-19,-34,-52,-63,-129,-129,-129,-129,-129,-129,-189,-189,-189,-189,-189,-189,-606,-29953,-29966,-29967,-29975,-29976,-29976,-29977,-29977,-29978,-29978,-29978,-29978,-29979,-29979,-29980,-29982,-29983,-29982,-29982]} 1. e4 e6 2. d4 d5 3. exd5 exd5 4. Nf3 Bd6 5. c4 dxc4 6. Bxc4 Nf6 7. O-O O-O 8. Nc3 Nc6 9. Bg5 h6 {D20: Queen's Gambit Accepted: 3 e3 and 3 e4} 10. Bh4 Bg4 11. h3 (11. Bb3 Bxf3 12. Qxf3 Nxd4 13. Qxb7 Rb8 14. Qxa7 Rb4 15. Bg3 Nxb3 16. axb3 Rxb3 17. Bxd6 Qxd6 18. Rfd1 Qb6 19. Qxb6 Rxb6 20. Ra2 Rfb8 21. Rd2 Rb4 {½-½ (21) Baramidze,D (2605)-Piorun,K (2532) Germany 2015}) 11... Bxf3 12. Qxf3 Nxd4 {LiveBook: 9 Games} 13. Qxb7 Nf5 14. Bxf6 $1 Qxf6 15. Ne4 Qe5 {[%csl Gd6][%cal Re5h2] [#]} 16. Nxd6 Nxd6 17. Qc6 Qxb2 18. Rab1 $146 ({Predecessor:} 18. Qxc7) 18... Qd2 19. Bd5 Rae8 20. Rfd1 Qa5 21. Rbc1 Re7 22. Qc5 Qb6 23. a4 Rfe8 24. Kh2 Ne4 $36 {[%mdl 2048] Black has the initiative.} 25. Bxe4 Rxe4 26. a5 Qxc5 27. Rxc5 $15 {[%mdl 4096] Endgame KRR-KRR} R4e5 28. Rxc7 Rxa5 29. Rdd7 Rf5 30. Rxa7 Re2 31. Re7 Rexf2 {Threatens to win with ...Rg5.} 32. Re8+ Kh7 {aiming for ...Rg5.} 33. Re3 g5 (33... R5f4 {keeps more tension.} 34. Rea3 h5 35. Ra2 h4 36. Rxf2 Rxf2 37. Kg1 Rf4) 34. Kg3 h5 {[%cal Bh6h5,Bh5h4][%mdl 32]} 35. Rf3 R2xf3+ 36. gxf3 $17 {KR-KR} h4+ 37. Kg2 Rf4 38. Ra6 f6 39. Ra5 Kg6 40. Rb5 Rd4 41. Ra5 Rd2+ 42. Kg1 Re2 43. Rb5 Kf7 44. Rb4 Re3 45. Kg2 Kg6 46. f4 Rg3+ 47. Kh2 g4 (47... gxf4 $17 {Hoping for ...Kg5.} 48. Rxf4 Kg5) 48. hxg4 $11 Rxg4 {With the idea ...f5.} 49. Kh3 f5 {White must now prevent ...Kh5.} 50. Rb8 Rxf4 {next ...Re4 is good for Black.} 51. Rg8+ Kf6 {Black wants to play ...Rf1.} 52. Re8 Re4 53. Ra8 Rg4 54. Rf8+ (54. Rh8 $15) 54... Kg5 $17 55. Rg8+ Kf4 56. Ra8 Rg1 57. Ra4+ (57. Rc8 $17 {might work better.}) 57... Kg5 $19 58. Ra3 Re1 59. Rb3 Re5 60. Ra3 $2 (60. Rb8) 60... f4 {[%cal Bf5f4,Bf4f3][%mdl 32]} 61. Ra8 {[#]Black mates.} f3 $1 62. Ra4 Re1 {[%cal Re1h1]} (62... f2 $2 63. Kg2 $19) 63. Ra5+ Kf4 {[%cal Re1h1]} 64. Ra4+ Ke3 65. Ra3+ Kf2 66. Rb3 Ke2 67. Rb2+ Kf1 68. Kh2 f2 69. Rb8 Ke2 {Precision: White = 52%, Black = 73%.} 0-1